000 00603nam a22002297a 4500
003 UA-OsUOA
001 850
007 ta
008 20050706b un ||||| |||| 00| 0 ukr d
100 _aФроянов И.Я.
090 _a94(477)02
_bФ92
942 _cBK
040 _aUA-OsUOA
_brus
_cUA-OsUOA
_dUA-OsUOA
245 _aКиевская Русь
300 _a157 с.
955 _a1
041 _arus
080 _a94(477)02
260 _aСПб
_bЛенинградский ун- тет.
_c1974
650 7 _a9 Географія. Біографії. Історія
_2UDC
999 _c287024
_d287024